Maria Magdalena. Agnes Bernauer (Record no. 125581)
[ view plain ]
| 000 -LEADER | |
|---|---|
| fixed length control field | 01103cam a2200325Ka 4500 |
| 001 - CONTROL NUMBER | |
| control field | 8334432 |
| 003 - CONTROL NUMBER IDENTIFIER | |
| control field | ARRUPE |
| 005 - DATE AND TIME OF LATEST TRANSACTION | |
| control field | 20161026120839.0 |
| 006 - FIXED-LENGTH DATA ELEMENTS--ADDITIONAL MATERIAL CHARACTERISTICS--GENERAL INFORMATION | |
| fixed length control field | m d |
| 007 - PHYSICAL DESCRIPTION FIXED FIELD--GENERAL INFORMATION | |
| fixed length control field | cr bn||||||abp |
| 007 - PHYSICAL DESCRIPTION FIXED FIELD--GENERAL INFORMATION | |
| fixed length control field | cr bn||||||ada |
| 008 - FIXED-LENGTH DATA ELEMENTS--GENERAL INFORMATION | |
| fixed length control field | 100311s1914 mau o 000 0 eng d |
| 035 ## - SYSTEM CONTROL NUMBER | |
| System control number | (OCoLC)ocn551400935 |
| 035 ## - SYSTEM CONTROL NUMBER | |
| System control number | (OCoLC)551400935 |
| 040 ## - CATALOGING SOURCE | |
| Original cataloging agency | OCLCE |
| Language of cataloging | eng |
| Transcribing agency | OCLCE |
| Modifying agency | OCLCQ |
| 049 ## - LOCAL HOLDINGS (OCLC) | |
| Holding library | ZCUA |
| 050 #4 - LIBRARY OF CONGRESS CALL NUMBER | |
| Classification number | PT2295.A7 |
| 082 04 - DEWEY DECIMAL CLASSIFICATION NUMBER | |
| Classification number | 832 |
| 300 ## - PHYSICAL DESCRIPTION | |
| Dimensions | 19cm. |
| 100 1# - MAIN ENTRY--PERSONAL NAME | |
| Personal name | Hebbel, Friedrich, |
| Dates associated with a name | 1813-1863. |
| 9 (RLIN) | 27014 |
| 245 10 - TITLE STATEMENT | |
| Title | Maria Magdalena. Agnes Bernauer |
| Statement of responsibility, etc | by Friedrich Hebbel ; |
| 260 ## - PUBLICATION, DISTRIBUTION, ETC. (IMPRINT) | |
| Place of publication, distribution, etc | Munchen: |
| Name of publisher, distributor, etc | Wilhelm Goldmann Verlag, |
| 300 ## - PHYSICAL DESCRIPTION | |
| Extent | 151p.; |
| 490 0# - SERIES STATEMENT | |
| Series statement | Poet lore ; |
| Volume number/sequential designation | v. 25, no. 2, spring 1914 |
| 500 ## - GENERAL NOTE | |
| General note | 2 Plays: Maria Magdalena . Agnes Bernauer |
| 506 ## - RESTRICTIONS ON ACCESS NOTE | |
| Materials specified | Use copy |
| Standardized terminology for access restriction | Restrictions unspecified |
| Source of term | star |
| Institution to which field applies | MiAaHDL |
| 700 1# - ADDED ENTRY--PERSONAL NAME | |
| Personal name | Green, Paula. |
| Title of a work | Christian Friedrich Hebbel. |
| 9 (RLIN) | 27015 |
| 700 1# - ADDED ENTRY--PERSONAL NAME | |
| Personal name | Ghose, Girish C. |
| Title of a work | Chintamini. |
| 9 (RLIN) | 27016 |
| 776 08 - ADDITIONAL PHYSICAL FORM ENTRY | |
| Display text | Print version: |
| Main entry heading | Hebbel, Friedrich, 1813-1863. |
| Title | Maria Magdalena. |
| Place, publisher, and date of publication | Boston : R.G. Badger, c1914 |
| Record control number | (OCoLC)7607531 |
| 942 ## - ADDED ENTRY ELEMENTS (KOHA) | |
| Source of classification or shelving scheme | Library of Congress Classification |
| Koha item type | Monograph ( Printed materials) |
| Withdrawn status | Lost status | Source of classification or shelving scheme | Damaged status | Not for loan | Collection code | Home library | Current library | Shelving location | Date acquired | Total Checkouts | Full call number | Barcode | Date last seen | Price effective from | Koha item type |
|---|---|---|---|---|---|---|---|---|---|---|---|---|---|---|---|
| Library of Congress Classification | Main Collection | ARRUPE LIBRARY | ARRUPE LIBRARY | Main Collection | 26/10/2016 | PT2295.A7 | 46500010765 | 02/07/2019 | 26/10/2016 | Monograph ( Printed materials) |